Mojou prioritou je riešiť každý problém so starostkou Veľkých Kozmáloviec Margitou Fialovou

Bibliographic Details
Main Author: Fialová, Margita (Author)
Format: Article
Language:Slovak
PhysicalDescription:Fotogr.
Subjects:

MARC

LEADER 00000nab a2200000 a 4500
001 vtls009174283
003 SK-MaSNL
005 20260305033533.0
008 080116 2007 xo 000 0 slo
038 |a LVTK 
040 |a LVTK  |b slo  |e ACCR2  |c LVTK 
041 |a slo 
044 |a xo  |c SK 
080 |a 352  |2 2001 
245 0 0 |a Mojou prioritou je riešiť každý problém  |b so starostkou Veľkých Kozmáloviec Margitou Fialovou  |c [zhováral sa] SYSA 
300 |b Fotogr. 
610 1 7 |a Veľké Kozmálovce (Slovensko).  |b Obecný úrad  |2 lvtk  |9 218818 
650 0 7 |a rozvoj obcí  |2 snkbucl  |9 74207 
651 7 |a Veľké Kozmálovce (Slovensko)  |2 lvtk  |9 110251 
651 7 |a Levice (Slovensko : okres)  |2 lvtk  |9 15245 
700 1 |a Fialová, Margita  |4 aut  |4 ive  |9 1614164 
773 0 |t Pohronie  |g Roč. 62 , č. 41 (2007), s. 1 a 2 
852 |a LVTK  |b KIS3GCP 
999 |c 3324744  |d 3326674